000 00730nam a2200253Ia 4500
003 OSt
005 20221006160501.0
006 a|||||r|||| 00| 0
007 ta
008 221006b |||||||| |||| 00| 0 eng d
024 _a45,291
037 _cSeries Articles
040 _aEASL
_cEASL
_beng
041 _2eng
_aeng
100 _aChakarabarty Dipesh
_9673836
245 0 _aFriendships in the Shadow of empire
_b Tagore's Reception in Chicago, circa 1913-1932
260 _aNew York
_bCambridge University Press U.K
_c2014
300 _a1161-1187pp.
_ccm.
490 _v48
650 _a Tagore
_9673837
650 _aAsian Studies
942 _cREF
_2CC
999 _c1113383
_d1113383